Phoenix suburbs - Statistics

General Stats
  • This quiz has been taken 137 times
  • The average score is 11 of 24
Answer Stats
Answer % Correct
Mesa
93%
Scottsdale
88%
Glendale
85%
Chandler
84%
Tempe
84%
Gilbert
79%
Peoria
71%
Surprise
64%
Goodyear
53%
Buckeye
48%
Avondale
47%
Phoenix
46%
Apache Junction
41%
Sun City
38%
Paradise Valley
30%
Sun City West
27%
Litchfield Park
21%
Tolleson
21%
El Mirage
17%
Guadalupe
14%
Sun Lakes
9%
Youngtown
7%
Higley
2%
Fountain Valley
1%
No matching quizzes found
Score Distribution
Percent of People with Each Score
Percentile by Number Answered
Your Score History
You have not taken this quiz